[Event "XXVI. Rhein-Main-Open, Gruppe A"]
[Site "Bad Homburg vor der Höhe"]
[Date "2024.06.02"]
[Round "7"]
[White "Miyake Siqueira, Pedro Henrique"]
[Black "Marschner, Thomas"]
[Result "1/2-1/2"]
[WhiteElo "1847"]
[BlackElo "1965"]
[PlyCount "79"]
[EventDate "2024.??.??"]
[WhiteTeam "SK Bad Homburg 1927"]
[BlackTeam "SVG Eppstein 1932"]

1. e4 c5 2. Nf3 Nc6 3. Bb5 g6 4. O-O Bg7 5. c3 Nf6 6. e5 Nd5 7. d4 cxd4 8. cxd4 O-O 9. Nc3 Nxc3 10. bxc3 d6 11. exd6 Qxd6 12. h3 Bf5 13. Qa4 a6 14. Bxc6 Qxc6 15. Qxc6 bxc6 16. Ba3 Rfe8 17. Rfe1 Ra7 18. Bc5 Rb7 19. Nd2 Bh6 20. Nc4 Be6 21. Na5 Rc7 22. Bb4 Bf5 23. Nb3 Bd3 24. Ba5 Rcc8 25. Nc5 Bc4 26. g3 f6 27. f4 Kf7 28. Ne4 Bd3 29. Re3 Bxe4 30. Rxe4 Rb8 31. Bb4 e6 32. Rae1 a5 33. Ba3 g5 34. fxg5 Bxg5 35. R4e2 h5 36. h4 Bh6 37. Kg2 Rb7 38. Kf3 Rb5 39. Bc5 Rbb8 40. Ba3 1/2-1/2

[Event "XXVI. Rhein-Main-Open, Gruppe A"]
[Site "Bad Homburg vor der Höhe"]
[Date "2024.06.02"]
[Round "7"]
[White "Muehlpfordt, Thomas"]
[Black "Fucik, Timo"]
[Result "1-0"]
[WhiteElo "1990"]
[BlackElo "1996"]
[PlyCount "49"]
[EventDate "2024.??.??"]
[WhiteTeam "SC 1997 Lambsheim"]
[BlackTeam "SK 1926 Ettlingen"]

1. e4 c5 2. Nf3 d6 3. d4 cxd4 4. Nxd4 Nf6 5. Nc3 a6 6. Be2 e6 7. Be3 Be7 8. O-O Qc7 9. f4 Nc6 10. Bf3 Bd7 11. a4 O-O 12. Qe1 Rfe8 13. Qg3 Kh8 14. Rae1 Rac8 15. Kh1 b5 16. axb5 Nxd4 17. Bxd4 Qc4 18. Bxf6 Bxf6 19. e5 dxe5 20. Bb7 axb5 21. Bxc8 Rxc8 22. Ne4 Qxc2 23. fxe5 Rc4 24. exf6 Rxe4 25. Qxg7# 1-0

[Event "XXVI. Rhein-Main-Open, Gruppe A"]
[Site "Bad Homburg vor der Höhe"]
[Date "2024.06.02"]
[Round "7"]
[White "Nagel, Matthias"]
[Black "Diedrichs, Ralf Christian"]
[Result "1/2-1/2"]
[WhiteElo "1881"]
[BlackElo "1932"]
[PlyCount "63"]
[EventDate "2024.??.??"]
[WhiteTeam "SV 1920 Kelsterbach"]
[BlackTeam "SG Holzminden"]

1. Nf3 c5 2. e3 d5 3. b3 e6 4. Bb2 Nf6 5. c4 dxc4 6. Bxc4 Be7 7. Qc2 a6 8. g4 h6 9. Rg1 b5 10. Be2 Nc6 11. a3 Bb7 12. d3 Qb6 13. Nbd2 O-O-O 14. d4 Kb8 15. dxc5 Qxc5 16. Qxc5 Bxc5 17. b4 Be7 18. Nb3 Rhg8 19. Nfd4 Nxd4 20. Bxd4 Nd5 21. Nc5 Bxc5 22. Bxc5 Nc3 23. Bd4 Nxe2 24. Kxe2 f6 25. Rgd1 Bd5 26. Bc5 Rd7 27. e4 Bc4+ 28. Ke1 Rgd8 29. Rxd7 Rxd7 30. Rd1 Rxd1+ 31. Kxd1 g6 32. Kd2 1/2-1/2

[Event "XXVI. Rhein-Main-Open, Gruppe A"]
[Site "Bad Homburg vor der Höhe"]
[Date "2024.06.02"]
[Round "7"]
[White "Neuhoff, Ulrich"]
[Black "Scheerer, Amelie"]
[Result "1-0"]
[WhiteElo "1893"]
[BlackElo "1734"]
[PlyCount "83"]
[EventDate "2024.??.??"]
[WhiteTeam "SK Bad Homburg 1927"]
[BlackTeam "SV 1934 Ffm-Griesheim"]

1. Nf3 d5 2. c4 e6 3. g3 Nf6 4. b3 Be7 5. Bg2 O-O 6. O-O c5 7. e3 Nc6 8. Bb2 b6 9. Nc3 Bb7 10. cxd5 Nxd5 11. Nxd5 exd5 12. d4 Bf6 13. Qe2 Nb4 14. Rfd1 Ba6 15. Qd2 Nd3 16. Bc3 c4 17. Bf1 Qd7 18. Ne1 Nxe1 19. Rxe1 b5 20. a4 bxa4 21. bxc4 Bxc4 22. Bxc4 dxc4 23. Qa2 Rfc8 24. Bb4 Bd8 25. Qxa4 Qxa4 26. Rxa4 Bb6 27. Rc1 Rc6 28. Kg2 Rd8 29. Bc3 f5 30. Rb1 Rd5 31. Rbb4 g5 32. Rxc4 Re6 33. Bb4 f4 34. Rc8+ Kg7 35. exf4 gxf4 36. Bc5 fxg3 37. hxg3 Kg6 38. Ra3 Kf5 39. Rf3+ Ke4 40. Re3+ Kf5 41. g4+ Kf6 42. Rf8+ 1-0

[Event "XXVI. Rhein-Main-Open, Gruppe A"]
[Site "Bad Homburg vor der Höhe"]
[Date "2024.06.02"]
[Round "7"]
[White "Nothnagel, Marian Can"]
[Black "Baranyai Molnar, Adam Kristof"]
[Result "1-0"]
[WhiteElo "2393"]
[BlackElo "2056"]
[PlyCount "163"]
[EventDate "2024.??.??"]
[WhiteTeam "SK Bickenbach"]
[BlackTeam "SF Neuberg"]

1. e4 c5 2. Nf3 e6 3. d3 Nc6 4. Nbd2 d5 5. g3 Nf6 6. Bg2 Be7 7. O-O O-O 8. Re1 b5 9. e5 Nd7 10. Nf1 Qc7 11. Bf4 Bb7 12. h4 Rfc8 13. h5 h6 14. Qd2 Nd4 15. Nxd4 cxd4 16. Re2 a5 17. g4 Qd8 18. Nh2 Bb4 19. Qd1 a4 20. a3 Be7 21. Nf3 b4 22. axb4 Qb6 23. g5 hxg5 24. Bxg5 Bxg5 25. Nxg5 Qxb4 26. Qc1 Rf8 27. Nf3 Kh7 28. Ra2 Nc5 29. Qf4 a3 30. Rxa3 Qxb2 31. Rxa8 Bxa8 32. Bf1 Qb8 33. Qxd4 Nd7 34. Re3 Qd8 35. Qg4 d4 36. Nxd4 Qc7 37. Nf3 Bxf3 38. Qxf3 Qxc2 39. d4 Qc1 40. Kg2 f5 41. Qg3 Qc6+ 42. Kh2 Kg8 43. Bg2 Qc4 44. Qf4 Rf7 45. Bf3 Nf8 46. Be2 Qb4 47. Rd3 Rd7 48. Qd2 Qxd2 49. Rxd2 g5 50. hxg6 Nxg6 51. Rd1 Ne7 52. Bf3 Kf7 53. Kg3 Kg6 54. Kf4 Kh6 55. Ke3 Kg5 56. Rg1+ Kh6 57. Kd3 Ng6 58. Kc4 Nf4 59. Rh1+ Kg5 60. Bc6 Rd8 61. Rg1+ Kh4 62. Rg3 Ne2 63. Rd3 Nf4 64. Rd2 Ng6 65. Rd3 Nf4 66. Rc3 Rc8 67. Kb5 Rb8+ 68. Kc5 Rd8 69. Rf3 Kg4 70. Rg3+ Kh4 71. Rg7 Nd3+ 72. Kc4 Nb2+ 73. Kc3 Nd1+ 74. Kc4 Nb2+ 75. Kb3 Nd1 76. Bd7 Nxf2 77. Kc4 Ng4 78. Bxe6 Ne3+ 79. Kd3 f4 80. Ke4 Rf8 81. Bf7 Ng4 82. Kxf4 1-0

[Event "XXVI. Rhein-Main-Open, Gruppe A"]
[Site "Bad Homburg vor der Höhe"]
[Date "2024.06.02"]
[Round "7"]
[White "Papadopoulos, Ioannis"]
[Black "Seidel, Andre"]
[Result "1/2-1/2"]
[WhiteElo "2198"]
[BlackElo "2157"]
[PlyCount "57"]
[EventDate "2024.??.??"]
[WhiteTeam "SV Oberursel"]
[BlackTeam "SV Oberursel"]

1. e4 c5 2. Nf3 Nc6 3. d4 cxd4 4. Nxd4 g6 5. Nc3 Bg7 6. Be3 Nf6 7. Bc4 O-O 8. Bb3 a5 9. O-O a4 10. Nxa4 Nxe4 11. Nxc6 bxc6 12. Nb6 Rb8 13. Nxc8 Qxc8 14. c3 d5 15. f3 Nd6 16. Re1 Rd8 17. Bf4 e6 18. h4 c5 19. Rb1 h5 20. Qd2 Ra8 21. Be5 Bxe5 22. Rxe5 Qb8 23. Qg5 Kg7 24. Bc2 Nf5 25. Rxe6 fxe6 26. Bxf5 exf5 27. Qe7+ Kg8 28. Qe6+ Kh7 29. Qe7+ 1/2-1/2

[Event "XXVI. Rhein-Main-Open, Gruppe A"]
[Site "Bad Homburg vor der Höhe"]
[Date "2024.06.02"]
[Round "7"]
[White "Ploder, Udo"]
[Black "Griesfeller, Sven"]
[Result "0-1"]
[WhiteElo "1936"]
[BlackElo "1741"]
[PlyCount "186"]
[EventDate "2024.??.??"]
[WhiteTeam "SF Braunfels"]
[BlackTeam "Schachdr. Büdingen-Wächtersbach"]

1. d4 Nf6 2. Nc3 d5 3. Bf4 c6 4. e3 Bf5 5. f3 e6 6. g4 Bg6 7. h4 h6 8. Bd3 Bxd3 9. Qxd3 Bd6 10. Nge2 Qc7 11. O-O-O Nbd7 12. g5 Nh5 13. Bxd6 Qxd6 14. e4 Nf4 15. Qe3 Nxe2+ 16. Nxe2 O-O-O 17. e5 Qe7 18. Kb1 Nb6 19. b3 Na8 20. f4 Nc7 21. a4 b5 22. Qc3 Kd7 23. Kc1 bxa4 24. bxa4 Rb8 25. Kd2 Rb4 26. Ra1 Rhb8 27. Qf3 Rb2 28. Qa3 Qb4+ 29. Qxb4 R2xb4 30. gxh6 gxh6 31. Rhg1 Ne8 32. Rg8 Nd6 33. Rxb8 Ne4+ 34. Ke3 Rxb8 35. Rg1 Rb4 36. Rg7 Ke7 37. Rh7 Rxa4 38. Rxh6 Ra3+ 39. c3 Nxc3 40. Nxc3 Rxc3+ 41. Ke2 a5 42. Rh8 a4 43. Ra8 a3 44. h5 Rh3 45. h6 a2 46. Kf2 Rh1 47. h7 Rxh7 48. Kg2 Rh4 49. Kg3 Rh1 50. Ra7+ Kf8 51. Rxa2 Rd1 52. Ra4 Kg7 53. Kf2 Kg6 54. Ke2 Rc1 55. Ra7 Rc3 56. Rc7 f6 57. Re7 Kf5 58. Rf7 Kxf4 59. Rxf6+ Ke4 60. Rxe6 Kxd4 61. Kd2 Rc4 62. Re8 Kc5 63. Kd3 Re4 64. Re6 Kb6 65. Kd2 Kc7 66. Kd3 Rc4 67. Rd6 Re4 68. Re6 Kb6 69. Kd2 Kc5 70. Kd3 Rh4 71. Rd6 Rh3+ 72. Kd2 Rh5 73. Re6 Rh3 74. Kc2 d4 75. Kd2 Re3 76. Kd1 Kd5 77. Rd6+ Kc5 78. Re6 Kd5 79. Rd6+ Kxe5 80. Rxc6 Ke4 81. Ra6 Rh3 82. Ra4 Ke3 83. Ra8 Rh1+ 84. Kc2 d3+ 85. Kb2 d2 86. Re8+ Kf2 87. Rf8+ Ke2 88. Re8+ Kd1 89. Rg8 Re1 90. Rg2 Re5 91. Rg1+ Ke2 92. Rg2+ Ke1 93. Rg1+ Kf2 0-1

[Event "XXVI. Rhein-Main-Open, Gruppe A"]
[Site "Bad Homburg vor der Höhe"]
[Date "2024.06.02"]
[Round "7"]
[White "Poetsch, Hagen"]
[Black "Nagel, Bernhard"]
[Result "1-0"]
[WhiteElo "2462"]
[BlackElo "2192"]
[PlyCount "67"]
[EventDate "2024.??.??"]
[WhiteTeam "SC Heusenstamm"]
[BlackTeam "Kölner SK Dr. Lasker 1861"]

1. e4 c6 2. d4 d5 3. e5 Bf5 4. h4 Qb6 5. a4 a5 6. g4 Bd7 7. Rh3 h5 8. Rb3 Qc7 9. gxh5 Bf5 10. Ne2 e6 11. Ng3 Bh7 12. Bd3 Bxd3 13. Qxd3 Nd7 14. f4 Bb4+ 15. c3 Be7 16. f5 Bxh4 17. fxe6 Ndf6 18. exf7+ Kxf7 19. Bf4 Kf8 20. Qf3 Nxh5 21. Bg5+ Nhf6 22. Bxh4 Rxh4 23. Nd2 Qf7 24. O-O-O Ne4 25. Qxf7+ Kxf7 26. Rxb7+ Ke6 27. Ndxe4 dxe4 28. Rxg7 Rf8 29. Re1 Kd5 30. Rd7+ Kc4 31. Kc2 Rf2+ 32. Re2 Rxe2+ 33. Nxe2 Rh2 34. b3# 1-0

[Event "XXVI. Rhein-Main-Open, Gruppe A"]
[Site "Bad Homburg vor der Höhe"]
[Date "2024.06.02"]
[Round "7"]
[White "Schmidt, Markus"]
[Black "Dubiel, Jacek"]
[Result "1/2-1/2"]
[WhiteElo "2137"]
[BlackElo "2367"]
[PlyCount "69"]
[EventDate "2024.??.??"]
[WhiteTeam "SK Niederbrechen 1948"]
[BlackTeam "SV Oberursel"]

1. e4 c5 2. c3 Nf6 3. e5 Nd5 4. d4 cxd4 5. Nf3 e6 6. cxd4 b6 7. Bc4 Bb7 8. O-O Be7 9. Bxd5 Bxd5 10. Nc3 Bb7 11. d5 exd5 12. Nxd5 O-O 13. Re1 Na6 14. Bf4 Nc5 15. Bg3 Ne6 16. Rc1 Rc8 17. Rxc8 Bxc8 18. Nd2 f5 19. exf6 Bxf6 20. Ne4 Bxb2 21. Nd6 Ba3 22. Qa4 Bc5 23. Bh4 g5 24. Bg3 a5 25. Qg4 Bxd6 26. Bxd6 Rf7 27. h4 Bb7 28. Re5 Bxd5 29. Rxd5 Qf6 30. f3 h6 31. Be5 Qf5 32. Qc4 gxh4 33. Qxh4 Kh7 34. Qc4 Qg5 35. Qd3+ 1/2-1/2

[Event "XXVI. Rhein-Main-Open, Gruppe A"]
[Site "Bad Homburg vor der Höhe"]
[Date "2024.06.02"]
[Round "7"]
[White "Schmitt, Carsten"]
[Black "Sassmannshausen, Mark"]
[Result "0-1"]
[WhiteElo "1947"]
[BlackElo "1939"]
[PlyCount "102"]
[EventDate "2024.??.??"]
[WhiteTeam "SV Bergwinkel"]
[BlackTeam "SV Oberursel"]

1. c4 b6 2. Nc3 Bb7 3. e4 e6 4. g3 f5 5. Bg2 Nf6 6. d3 fxe4 7. Nge2 Nc6 8. dxe4 Ng4 9. h3 Nge5 10. b3 Qf6 11. f4 Bc5 12. Rf1 Nf7 13. e5 Qe7 14. a3 a5 15. Nb5 d6 16. exd6 Nxd6 17. Bb2 O-O-O 18. Bxc6 Nxb5 19. Bxb7+ Kxb7 20. Qc2 Nxa3 21. Qe4+ Kb8 22. Bxa3 Bxa3 23. Nd4 Bb4+ 24. Ke2 Rxd4 25. Qxd4 Rd8 26. Qe4 Rd2+ 27. Kf3 Qd6 28. Rfe1 Rd4 29. Qxe6 Rd3+ 30. Kg4 Bxe1 31. Qe8+ Kb7 32. Qe4+ c6 33. Rxe1 h5+ 34. Kxh5 Rxg3 35. Qe7+ Qxe7 36. Rxe7+ Ka6 37. Kh4 Rxb3 38. Rxg7 Rf3 39. Kg4 Rf1 40. Re7 a4 41. Re2 b5 42. Re6 Kb7 43. cxb5 cxb5 44. Re2 a3 45. f5 Kc6 46. Kg5 b4 47. Ra2 Kb5 48. f6 Ka4 49. Re2 b3 50. Re4+ Kb5 51. Re5+ Kc4 0-1

[Event "XXVI. Rhein-Main-Open, Gruppe A"]
[Site "Bad Homburg vor der Höhe"]
[Date "2024.06.02"]
[Round "7"]
[White "Schneider, Till"]
[Black "Olson, Philip Christoph"]
[Result "0-1"]
[WhiteElo "1838"]
[BlackElo "1792"]
[PlyCount "84"]
[EventDate "2024.??.??"]
[WhiteTeam "SC Brett vorm Kopp Ffm"]
[BlackTeam "SC Bad Nauheim"]

1. e4 c5 2. c3 Nf6 3. e5 Nd5 4. Nf3 Nc6 5. Bc4 Nb6 6. Bb3 c4 7. Bc2 d6 8. exd6 Qxd6 9. O-O Bg4 10. Re1 e6 11. b3 Be7 12. Ba3 Qc7 13. Qe2 cxb3 14. axb3 O-O 15. d4 Qf4 16. Nbd2 Bxa3 17. Rxa3 Nd5 18. Qd3 Bf5 19. Ne4 Rac8 20. g3 Qh6 21. Nh4 Bg4 22. Bb1 Rfd8 23. f4 Nxf4 24. gxf4 Qxh4 25. Ng3 Bf5 26. Qe3 Bxb1 27. Rxb1 a6 28. Kh1 Ne7 29. Ne4 Nd5 30. Qg3 Qxg3 31. hxg3 Nxc3 32. Nxc3 Rxc3 33. Ra4 Rxg3 34. Rc4 g6 35. Kh2 Rd3 36. Rc7 R3xd4 37. Rxb7 Rxf4 38. Ra7 Rd6 39. Kg3 Rb4 40. Rc1 Rxb3+ 41. Kf2 Rd2+ 42. Ke1 Rh2 0-1

[Event "XXVI. Rhein-Main-Open, Gruppe A"]
[Site "Bad Homburg vor der Höhe"]
[Date "2024.06.02"]
[Round "7"]
[White "Schroeder, Juergen"]
[Black "von Wahden, Jens"]
[Result "1/2-1/2"]
[WhiteElo "2017"]
[BlackElo "1930"]
[PlyCount "66"]
[EventDate "2024.??.??"]
[WhiteTeam "SC Matt im Park Ffm"]
[BlackTeam "SV Oberursel"]

1. e4 e6 2. d3 d5 3. Nd2 c5 4. Ngf3 Nc6 5. g3 g6 6. Bg2 Nf6 7. O-O Bg7 8. exd5 Nxd5 9. Nb3 b6 10. c4 Nde7 11. d4 Ba6 12. Bg5 Rc8 13. Bxe7 Nxe7 14. Re1 Bxc4 15. dxc5 Qxd1 16. Rexd1 bxc5 17. Nfd2 Bd5 18. Rac1 c4 19. Na5 Bxb2 20. Rxc4 O-O 21. Bxd5 exd5 22. Rb4 Bc3 23. Rb7 Bxa5 24. Rxe7 Rc2 25. Nf1 Bb6 26. Ne3 Rxa2 27. Rxd5 Bxe3 28. Rxe3 Rb8 29. Rd7 a5 30. Ree7 Rf8 31. Ra7 a4 32. Kg2 a3 33. Re3 h5 1/2-1/2

[Event "XXVI. Rhein-Main-Open, Gruppe A"]
[Site "Bad Homburg vor der Höhe"]
[Date "2024.06.02"]
[Round "7"]
[White "Schultze, Joerg Martin"]
[Black "Mueller, Christian"]
[Result "0-1"]
[WhiteElo "1936"]
[BlackElo "2197"]
[PlyCount "90"]
[EventDate "2024.??.??"]
[WhiteTeam "SF Braunfels"]
[BlackTeam "SC Windischeschenbach"]

1. d4 d5 2. c4 e6 3. Nc3 Nf6 4. cxd5 exd5 5. Bg5 Bb4 6. Qc2 h6 7. Bh4 c5 8. e3 Nbd7 9. Nf3 Qa5 10. Bd3 c4 11. Bf5 O-O 12. O-O Re8 13. Bg3 Bxc3 14. bxc3 Nb6 15. Bd6 Bxf5 16. Qxf5 Qxc3 17. Ne5 Re6 18. Rfc1 Qa5 19. Bc7 Qa4 20. e4 Qe8 21. Bxb6 axb6 22. exd5 Nxd5 23. Rxc4 Rd8 24. h4 b5 25. Rc5 b4 26. Rb1 Nc3 27. Rxb4 Ne2+ 28. Kh2 Nxd4 29. Qe4 b6 30. Rd5 Nc6 31. Rxb6 Rxe5 32. Rxd8 Nxd8 33. Qa8 Qe7 34. g3 Re2 35. Kg2 Qe4+ 36. Qxe4 Rxe4 37. Rb8 Rd4 38. a4 Kf8 39. a5 Ke7 40. Rb5 Ra4 41. Kh3 g6 42. h5 g5 43. Rb6 g4+ 44. Kh4 Ne6 45. a6 Ng5 0-1

[Event "XXVI. Rhein-Main-Open, Gruppe A"]
[Site "Bad Homburg vor der Höhe"]
[Date "2024.06.02"]
[Round "7"]
[White "Schulze, Fabian"]
[Black "Calvi, Stefan"]
[Result "1/2-1/2"]
[WhiteElo "1790"]
[BlackElo "1971"]
[PlyCount "31"]
[EventDate "2024.??.??"]
[WhiteTeam "SC Steinbach"]
[BlackTeam "SV Oberursel"]

1. d4 Nf6 2. c3 g6 3. Nf3 Bg7 4. Bf4 d5 5. e3 O-O 6. Bd3 b6 7. Nbd2 c5 8. Qe2 Nc6 9. Nf1 Nd7 10. Bb5 Bb7 11. h4 h5 12. Ng3 Nf6 13. Ng5 a6 14. Bd3 e5 15. dxe5 Ng4 16. e6 1/2-1/2

[Event "XXVI. Rhein-Main-Open, Gruppe A"]
[Site "Bad Homburg vor der Höhe"]
[Date "2024.06.02"]
[Round "7"]
[White "Soppa, Christoph"]
[Black "Schulze, Manfred"]
[Result "1-0"]
[WhiteElo "1949"]
[BlackElo "1887"]
[PlyCount "51"]
[EventDate "2024.??.??"]
[WhiteTeam "SSG Hungen-Lich"]
[BlackTeam "SC Steinbach"]

1. d4 f5 2. Nf3 g6 3. g3 Bg7 4. Bg2 Nf6 5. O-O d6 6. c4 O-O 7. b4 c6 8. Bb2 Bd7 9. a4 Qe8 10. Nbd2 h6 11. Qc2 Na6 12. Bc3 Nc7 13. e4 Nxe4 14. Nxe4 fxe4 15. Qxe4 Qf7 16. Nd2 Rae8 17. f4 Bf5 18. Qe3 Bf6 19. b5 Bd7 20. Rab1 Ne6 21. bxc6 bxc6 22. Rb7 Rd8 23. Rxd7 Rxd7 24. Bxc6 Bxd4 25. Bxd4 Nxd4 26. Bxd7 1-0

[Event "XXVI. Rhein-Main-Open, Gruppe A"]
[Site "Bad Homburg vor der Höhe"]
[Date "2024.06.02"]
[Round "7"]
[White "Steigleder, Maximilian"]
[Black "Boersch, Dieter"]
[Result "1-0"]
[WhiteElo "1718"]
[BlackElo "1764"]
[PlyCount "97"]
[EventDate "2024.??.??"]
[WhiteTeam "Sfr.1932 Kelkheim"]
[BlackTeam "SK Bad Homburg 1927"]

1. e4 c5 2. c3 Nf6 3. e5 Nd5 4. d4 cxd4 5. Nf3 d6 6. Bc4 Nb6 7. Bb3 dxe5 8. Nxe5 e6 9. Qf3 Qf6 10. Qxf6 gxf6 11. Ng4 Be7 12. f3 h5 13. Nf2 Nc6 14. O-O e5 15. cxd4 Nxd4 16. Be3 Nxb3 17. axb3 Nd5 18. Rxa7 Rxa7 19. Bxa7 Be6 20. Rc1 O-O 21. Bc5 Rc8 22. Nd3 Bxc5+ 23. Rxc5 Rxc5 24. Nxc5 b6 25. Nxe6 fxe6 26. Kf2 Kg7 27. Nc3 Kg6 28. Ne4 f5 29. Nd6 Kg5 30. Nf7+ Kf6 31. Nd6 Ke7 32. Nc4 Kf6 33. Ke1 f4 34. Kd2 h4 35. Kd3 b5 36. Na3 Ne3 37. Nxb5 Nxg2 38. Nd6 Ne1+ 39. Ke4 Nc2 40. Nc4 Nb4 41. Nxe5 Nd5 42. Nd3 Kg5 43. b4 h3 44. Ke5 Ne3 45. b3 Nf1 46. Nxf4 Nxh2 47. Nxh3+ Kh4 48. Ng1 Nf1 49. b5 1-0

[Event "XXVI. Rhein-Main-Open, Gruppe A"]
[Site "Bad Homburg vor der Höhe"]
[Date "2024.06.02"]
[Round "7"]
[White "Streit, Juergen"]
[Black "Schmitt, Hans Walter"]
[Result "1-0"]
[WhiteElo "1884"]
[BlackElo "2028"]
[PlyCount "65"]
[EventDate "2024.??.??"]
[WhiteTeam "Schachzirk. Elstertal Langenberg"]
[BlackTeam "SC Bad Soden"]

1. e4 c5 2. Nf3 d6 3. d4 cxd4 4. Qxd4 Nc6 5. Bb5 Bd7 6. Bxc6 Bxc6 7. c4 Nf6 8. Nc3 h6 9. O-O e5 10. Qd3 Be7 11. b4 b6 12. b5 Bb7 13. Nd5 Bxd5 14. cxd5 Nd7 15. Bd2 Rc8 16. Rfc1 Nc5 17. Qe2 Qd7 18. Ne1 O-O 19. Nc2 f5 20. f3 Bg5 21. Bxg5 hxg5 22. exf5 Qxf5 23. Ne3 Qf4 24. Rc4 Qf7 25. Rac1 Rce8 26. Qc2 e4 27. fxe4 Qf4 28. Nf5 Rxe4 29. Rxe4 Nxe4 30. Ne7+ Kh7 31. Re1 g6 32. Nxg6 Qf5 33. Nxf8+ 1-0

[Event "XXVI. Rhein-Main-Open, Gruppe A"]
[Site "Bad Homburg vor der Höhe"]
[Date "2024.06.02"]
[Round "7"]
[White "Thomas, Tobias"]
[Black "Sreeramulu, Aarush"]
[Result "1/2-1/2"]
[WhiteElo "1967"]
[BlackElo "1887"]
[PlyCount "75"]
[EventDate "2024.??.??"]
[WhiteTeam "SK Langen"]
[BlackTeam "SK Marburg 1931/72"]

1. c4 c6 2. g3 d5 3. Nf3 Nf6 4. Bg2 g6 5. b3 Bg7 6. Bb2 O-O 7. O-O b6 8. d4 Bb7 9. Nc3 e6 10. Rc1 Nbd7 11. Ne5 dxc4 12. Nxc4 Qc7 13. Ba3 c5 14. Bxb7 Qxb7 15. dxc5 Nxc5 16. Na4 Nfe4 17. Nxc5 Nxc5 18. Bxc5 bxc5 19. Qc2 Qa6 20. Rfd1 Rfd8 21. Rd2 Bf6 22. Rcd1 Rxd2 23. Rxd2 Rd8 24. Rxd8+ Bxd8 25. Qd2 Qc8 26. Qd6 Bf6 27. Nd2 Bg7 28. Ne4 c4 29. bxc4 Qxc4 30. Qb8+ Bf8 31. Nf6+ Kg7 32. Qe5 Qxa2 33. Nd7+ Kg8 34. Nf6+ Kg7 35. g4 a5 36. Nd7+ Kg8 37. Nf6+ Kg7 38. Nd7+ 1/2-1/2

[Event "XXVI. Rhein-Main-Open, Gruppe A"]
[Site "Bad Homburg vor der Höhe"]
[Date "2024.06.02"]
[Round "7"]
[White "Uneken, Bert"]
[Black "Kuckel, Michael"]
[Result "1/2-1/2"]
[WhiteElo "1837"]
[BlackElo "1720"]
[PlyCount "175"]
[EventDate "2024.??.??"]
[BlackTeam "SC Matt im Park Ffm"]

1. d4 d5 2. c4 c6 3. Nc3 Nf6 4. Bg5 e6 5. cxd5 exd5 6. Qc2 Be7 7. e3 O-O 8. Bd3 h6 9. Bh4 b6 10. Nge2 Ba6 11. O-O Bxd3 12. Qxd3 Nbd7 13. a3 Rc8 14. Qa6 Qc7 15. Rac1 Qb8 16. Rc2 b5 17. Na2 c5 18. Bg3 Qb6 19. Qxb6 axb6 20. Rfc1 Ne4 21. Nac3 Ndf6 22. Nxb5 Ra8 23. Nec3 Nxc3 24. Nxc3 Rfd8 25. Bc7 Rd7 26. Bxb6 c4 27. Rd1 Rb8 28. Bc5 Kf8 29. Bxe7+ Kxe7 30. f3 Rdb7 31. Rdd2 Kd6 32. e4 dxe4 33. Nxe4+ Kd5 34. Nxf6+ gxf6 35. Kf2 f5 36. Ke3 Rb6 37. Kf4 Rg6 38. Kxf5 Rbb6 39. Kf4 Rbe6 40. g4 h5 41. Kg3 hxg4 42. fxg4 f5 43. h3 fxg4 44. Rc3 gxh3+ 45. Kxh3 Re7 46. Kh2 Re4 47. Rh3 Rg5 48. Rh8 Rg6 49. Rh5+ Kd6 50. d5 Reg4 51. Rc2 Rg8 52. Rd2 R8g6 53. a4 Rg1 54. Rh4 R1g5 55. Rh8 Kc5 56. Rc8+ Kd6 57. Rc6+ Kd7 58. Rxg6 Rxg6 59. Rd4 Rb6 60. Rxc4 Rxb2+ 61. Kg3 Ra2 62. Kf4 Kd6 63. Ke4 Re2+ 64. Kd4 Rd2+ 65. Kc3 Kxd5 66. Rc8 Ra2 67. Kb4 Rb2+ 68. Ka5 Rb7 69. Ka6 Rb2 70. a5 Kd6 71. Ka7 Kd7 72. Rc3 Kd6 73. a6 Kd7 74. Rh3 Kc8 75. Rh8+ Kc7 76. Rh7+ Kc8 77. Rb7 Ra2 78. Rb6 Kc7 79. Rh6 Rb2 80. Rh8 Rb1 81. Ka8 Rb2 82. a7 Rb1 83. Rb8 Ra1 84. Rb3 Rc1 85. Rb7+ Kc8 86. Rg7 Rb1 87. Rg8+ Kc7 88. Rb8 1/2-1/2

[Event "XXVI. Rhein-Main-Open, Gruppe A"]
[Site "Bad Homburg vor der Höhe"]
[Date "2024.06.02"]
[Round "7"]
[White "Varma, Christopher"]
[Black "Moldenhauer, Lennart"]
[Result "1/2-1/2"]
[WhiteElo "1936"]
[BlackElo "1768"]
[PlyCount "33"]
[EventDate "2024.??.??"]
[WhiteTeam "SV Oberursel"]
[BlackTeam "SV Oberursel"]

1. e4 c5 2. c3 g6 3. d4 cxd4 4. cxd4 d5 5. e5 Nc6 6. Nf3 Bg4 7. Bb5 Bg7 8. O-O Nh6 9. h3 Bxf3 10. Qxf3 O-O 11. Bxc6 bxc6 12. Nc3 Nf5 13. Qd3 f6 14. f4 fxe5 15. fxe5 Qb6 16. Ne2 c5 17. Nf4 1/2-1/2

[Event "XXVI. Rhein-Main-Open, Gruppe A"]
[Site "Bad Homburg vor der Höhe"]
[Date "2024.06.02"]
[Round "7"]
[White "von Auer, Ulrich"]
[Black "Dubinker, Philipp"]
[Result "1-0"]
[WhiteElo "1981"]
[BlackElo "1921"]
[PlyCount "65"]
[EventDate "2024.??.??"]
[WhiteTeam "SV Oberursel"]
[BlackTeam "SK Marburg 1931/72"]

1. d4 Nf6 2. c4 e6 3. Nc3 Bb4 4. e3 O-O 5. Bd3 d5 6. Nf3 c5 7. O-O cxd4 8. exd4 h6 9. a3 Be7 10. c5 a5 11. Rb1 Nc6 12. Re1 Re8 13. b4 Nh7 14. b5 Na7 15. Ne5 Bd7 16. Qh5 Rf8 17. Bxh6 gxh6 18. Qxh6 f5 19. Re3 Bg5 20. Qg6+ Kh8 21. Rh3 Qe7 22. Nxd7 Rg8 23. Rxh7+ Qxh7 24. Qxe6 Qg7 25. Qxf5 Bf4 26. Qh3+ Qh6 27. Qxh6+ Bxh6 28. Nxd5 Rad8 29. N5f6 Rg7 30. c6 b6 31. Re1 Nc8 32. c7 Rdxd7 33. Re8+ 1-0

[Event "XXVI. Rhein-Main-Open, Gruppe A"]
[Site "Bad Homburg vor der Höhe"]
[Date "2024.06.02"]
[Round "7"]
[White "Ziska, Stephan"]
[Black "Gries, Volker"]
[Result "1/2-1/2"]
[WhiteElo "1889"]
[BlackElo "2064"]
[PlyCount "42"]
[EventDate "2024.??.??"]
[WhiteTeam "SF Bürstadt"]
[BlackTeam "SV Oberursel"]

1. d4 Nf6 2. Nf3 g6 3. Bf4 d6 4. e3 Bg7 5. Nbd2 O-O 6. h3 b6 7. Be2 Bb7 8. O-O Nbd7 9. c4 c5 10. Rb1 Ne4 11. d5 Nxd2 12. Qxd2 Nf6 13. Bd3 b5 14. b4 Rc8 15. bxc5 Rxc5 16. Rxb5 Rxb5 17. cxb5 Bxd5 18. Be2 Qa8 19. Rc1 Ne4 20. Qa5 Nc5 21. Bg3 Qb7 1/2-1/2